[Event "Vladivostok Primorsky Debut"]
[Site "Vladivostok"]
[Date "2015.07.27"]
[Round "7"]
[White "Pevzner, Lev"]
[Black "Vilchenko, Maxim"]
[Result "1-0"]
[WhiteElo "2396"]
[BlackElo "2238"]
[PlyCount "79"]
[EventDate "2015.07.21"]
[EventType "swiss"]
[EventRounds "9"]
[EventCountry "RUS"]
[SourceTitle "EXT 2016"]
[Source "ChessBase"]
[SourceDate "2015.10.08"]
[SourceVersion "1"]
[SourceVersionDate "2015.10.08"]
[SourceQuality "1"]

1. d4 Nf6 2. c4 g6 3. Nc3 d5 4. Nf3 Bg7 5. Bf4 0-0 6. Rc1 dxc4 7. e3 Be6 8. Ng5 Bd5 9. e4 h6 10. exd5 hxg5 11. Bxg5 Nxd5 12. Bxc4 Nb6 13. Bb3 Nc6 14. Ne2 a5 15. a4 Qd7 16. 0-0 Qg4 17. h4 Bf6 18. f3 Qh5 19. Nf4 Qh7 20. d5 Rad8 21. Re1 Bxg5 22. hxg5 e5 23. Nh3 Qg7 24. Nf2 Nb4 25. Rxc7 N6xd5 26. Rxb7 Nf4 27. Rxf7 Rxd1 28. Rxg7+ Kxg7 29. Bxd1 Nbd3 30. Nxd3 Nxd3 31. Re2 Rf5 32. Bc2 Nf4 33. Re4 Rxg5 34. g4 Ne6 35. Kf2 Kf6 36. Ke3 Ke7 37. Kd3 Nc5+ 38. Kc4 Kd6 39. b4 axb4 40. Kxb4 1-0

[Event "Vladivostok Primorsky Debut"]
[Site "Vladivostok"]
[Date "2015.07.25"]
[Round "5"]
[White "Kokarev, Dmitry"]
[Black "Vilchenko, Maxim"]
[Result "1-0"]
[WhiteElo "2608"]
[BlackElo "2238"]
[PlyCount "75"]
[EventDate "2015.07.21"]
[EventType "swiss"]
[EventRounds "9"]
[EventCountry "RUS"]
[SourceTitle "EXT 2016"]
[Source "ChessBase"]
[SourceDate "2015.10.08"]
[SourceVersion "1"]
[SourceVersionDate "2015.10.08"]
[SourceQuality "1"]

1. e4 e6 2. d4 d5 3. Nc3 Nf6 4. e5 Nfd7 5. f4 c5 6. Nf3 Nc6 7. Be3 cxd4 8. Nxd4 Bc5 9. Qd2 a6 10. 0-0-0 0-0 11. Nb3 Bb4 12. Kb1 b5 13. h4 Bb7 14. Rh3 Rc8 15. h5 Qe7 16. Qf2 Na5 17. Bd4 Nxb3 18. axb3 Bc5 19. Bd3 Bxd4 20. Qxd4 Qc5 21. Ne2 Qxd4 22. Nxd4 Rce8 23. h6 g6 24. Re3 f6 25. exf6 Rxf6 26. Rde1 Nc5 27. g3 Ne4 28. c4 bxc4 29. bxc4 Nd2+ 30. Kc2 Nxc4 31. Bxc4 dxc4 32. Nxe6 Bd5 33. Ng5 Rb8 34. Re8+ Rf8 35. R8e7 Bf7 36. Rc7 c3 37. bxc3 Bb3+ 38. Kc1 1-0

[Event "Vladivostok Primorsky Debut"]
[Site "Vladivostok"]
[Date "2014.07.26"]
[Round "6"]
[White "Sin, Denis"]
[Black "Vilchenko, Maxim"]
[Result "0-1"]
[WhiteElo "1984"]
[BlackElo "2256"]
[PlyCount "118"]
[EventDate "2014.07.21"]
[EventType "swiss"]
[EventRounds "9"]
[EventCountry "RUS"]
[SourceTitle "CBM 161 Extra"]
[Source "ChessBase"]
[SourceDate "2014.08.29"]
[SourceVersion "1"]
[SourceVersionDate "2014.08.29"]
[SourceQuality "1"]

1. d4 d5 2. c4 c6 3. Nf3 Nf6 4. e3 a6 5. b3 Bf5 6. Bd3 Bxd3 7. Qxd3 e6 8. 0-0 Nbd7 9. Bb2 Bd6 10. Nbd2 0-0 11. Ne5 Ne8 12. Nxd7 Qxd7 13. e4 dxe4 14. Nxe4 Be7 15. Rad1 Rd8 16. Qf3 Nf6 17. Rd3 Nxe4 18. Qxe4 Bf6 19. Rfd1 Qc7 20. Bc1 Qa5 21. a4 Rd7 22. Bd2 Qh5 23. Bb4 Rfd8 24. Bc5 Bxd4 25. Bxd4 c5 26. Bc3 Qxd1+ 27. Rxd1 Rxd1+ 28. Be1 Rc1 29. g3 Rdd1 30. Qxb7 Rxe1+ 31. Kg2 h6 32. Qxa6 Rb1 33. Qb5 Rb2 34. a5 Ree2 35. Qxc5 Rxb3 36. Qc7 Ra2 37. c5 Rbb2 38. Qd8+ Kh7 39. Qd3+ Kg8 40. Qd8+ Kh7 41. Qd4 e5 42. Qd3+ Kg8 43. Qd8+ Kh7 44. Qd3+ g6 45. Qe3 Re2 46. Qf3 Kg7 47. c6 Rec2 48. Qe3 Rxa5 49. Qe4 Rac5 50. c7 f6 51. h4 h5 52. Qf3 Rxc7 53. g4 hxg4 54. Qxg4 R2c4 55. Qg3 Kh6 56. Qf3 Rf4 57. Qh3 Rc2 58. Qe6 Rfxf2+ 59. Kg1 Rfd2 0-1

[Event "Vladivostok Meridian op rap"]
[Site "Vladivostok"]
[Date "2014.07.19"]
[Round "4"]
[White "Ivanov, Mikhail M"]
[Black "Vilchenko, Maxim"]
[Result "1/2-1/2"]
[WhiteElo "2392"]
[BlackElo "2256"]
[PlyCount "45"]
[EventDate "2014.07.18"]
[EventType "swiss (rapid)"]
[EventRounds "11"]
[EventCountry "RUS"]
[SourceTitle "CBM 161 Extra"]
[Source "ChessBase"]
[SourceDate "2014.08.29"]
[SourceVersion "1"]
[SourceVersionDate "2014.08.29"]
[SourceQuality "1"]

1. d4 Nf6 2. c4 e6 3. Nc3 Bb4 4. e3 0-0 5. Nge2 d5 6. a3 Be7 7. cxd5 exd5 8. b4 Bf5 9. Ng3 Bg6 10. Be2 Nbd7 11. 0-0 c6 12. b5 cxb5 13. Bxb5 a6 14. Be2 b5 15. f4 h6 16. f5 Bh7 17. Bf3 Nb6 18. Qb3 Rc8 19. Nce2 Bd6 20. Ra2 Re8 21. Nf4 Bxf4 22. exf4 Qd7 23. Qd3 1/2-1/2

[Event "Vladivostok Russian Cup"]
[Site "Vladivostok"]
[Date "2012.09.23"]
[Round "7"]
[White "Chkhan, Viktoria"]
[Black "Vilchenko, Maxim"]
[Result "1/2-1/2"]
[WhiteElo "2031"]
[BlackElo "2248"]
[PlyCount "83"]
[EventDate "2012.09.17"]
[EventType "swiss"]
[EventRounds "9"]
[EventCountry "RUS"]
[SourceTitle "CBM 150 Extra"]
[Source "ChessBase"]
[SourceDate "2012.10.19"]
[SourceVersion "1"]
[SourceVersionDate "2012.10.19"]
[SourceQuality "1"]

1. d4 d5 2. c4 c6 3. Nf3 Nf6 4. Nc3 e6 5. e3 Nbd7 6. Bd3 dxc4 7. Bxc4 b5 8. Bd3 Bb7 9. e4 b4 10. Na4 c5 11. e5 Nd5 12. dxc5 Nxc5 13. Bb5+ Nd7 14. Bg5 Be7 15. Nc5 Bc8 16. Bxe7 Qxe7 17. Bc6 Qxc5 18. Bxa8 Ba6 19. Rc1 Qa5 20. Bc6 0-0 21. Qa4 Qxa4 22. Bxa4 N7b6 23. Bb3 Nf4 24. Rc7 Rd8 25. Rg1 Ne2 26. Rh1 Nf4 27. Rg1 Ne2 28. Rxa7 Nxg1 29. Rxa6 Nxf3+ 30. gxf3 Rb8 31. f4 Nd7 32. Rc6 g5 33. Rc7 Rd8 34. f5 Nxe5 35. fxe6 Nf3+ 36. Kf1 Nd2+ 37. Ke2 Nxb3 38. exf7+ Kf8 39. axb3 Rd6 40. Kf3 Rd3+ 41. Kg4 Rxb3 42. Kxg5 1/2-1/2

[Event "Vladivostok Russian Cup"]
[Site "Vladivostok"]
[Date "2012.09.19"]
[Round "3"]
[White "Maletin, Pavel"]
[Black "Vilchenko, Maxim"]
[Result "1-0"]
[WhiteElo "2587"]
[BlackElo "2248"]
[PlyCount "75"]
[EventDate "2012.09.17"]
[EventType "swiss"]
[EventRounds "9"]
[EventCountry "RUS"]
[SourceTitle "CBM 150 Extra"]
[Source "ChessBase"]
[SourceDate "2012.10.19"]
[SourceVersion "1"]
[SourceVersionDate "2012.10.19"]
[SourceQuality "1"]

1. d4 d5 2. c4 c6 3. Nf3 Nf6 4. Nc3 e6 5. Bg5 h6 6. Bh4 dxc4 7. e4 g5 8. Bg3 b5 9. Be2 Bb7 10. h4 g4 11. Ne5 Nbd7 12. Nxd7 Qxd7 13. Be5 Qe7 14. b3 Rg8 15. 0-0 Nd7 16. Bg3 b4 17. Na4 c3 18. a3 a5 19. axb4 axb4 20. Bc4 Bg7 21. e5 h5 22. Qe2 Bh6 23. Rad1 Rg7 24. Rd3 Ba6 25. Bxa6 Rxa6 26. Rdd1 Rxa4 27. bxa4 b3 28. a5 c2 29. Ra1 b2 30. Qxc2 bxa1Q 31. Rxa1 Nb8 32. a6 Qa7 33. Rb1 Nd7 34. Qxc6 Rg8 35. Rb7 Qxd4 36. a7 Ke7 37. Rxd7+ Qxd7 38. Qc5+ 1-0

[Event "Vladivostok Russian Cup"]
[Site "Vladivostok"]
[Date "2012.09.17"]
[Round "1"]
[White "Vilchenko, Maxim"]
[Black "Kokarev, Dmitry"]
[Result "0-1"]
[WhiteElo "2248"]
[BlackElo "2604"]
[PlyCount "78"]
[EventDate "2012.09.17"]
[EventType "swiss"]
[EventRounds "9"]
[EventCountry "RUS"]
[SourceTitle "CBM 150 Extra"]
[Source "ChessBase"]
[SourceDate "2012.10.19"]
[SourceVersion "1"]
[SourceVersionDate "2012.10.19"]
[SourceQuality "1"]

1. d4 g6 2. c4 Bg7 3. Nc3 c5 4. Nf3 cxd4 5. Nxd4 Nc6 6. Nc2 Bxc3+ 7. bxc3 Nf6 8. g3 Qa5 9. Bb2 Ng4 10. e3 d6 11. Bg2 Nge5 12. Nd4 Nxd4 13. Qxd4 Bh3 14. Kf1 Bxg2+ 15. Kxg2 Rc8 16. Qd5 Qa6 17. Qb5+ Qc6+ 18. Qxc6+ Rxc6 19. c5 Nc4 20. Rhb1 Rxc5 21. a4 b6 22. Ba3 Rc7 23. a5 Nxa5 24. Bxd6 exd6 25. Rxa5 bxa5 26. Rb8+ Ke7 27. Rxh8 a4 28. Rb8 a5 29. Rb5 Rc5 30. Rb2 Rxc3 31. Rb5 Rc5 32. Rb2 Ke6 33. Ra2 Rc4 34. Kf1 Kd5 35. Ke2 Ke4 36. f3+ Kd5 37. Kd3 Kc5 38. e4 Kb5 39. f4 Rb4 0-1

[Event "Vladivostok op-B"]
[Site "Vladivostok"]
[Date "2010.08.05"]
[Round "2"]
[White "Shershnev, Anatoliy"]
[Black "Vilchenko, Maxim"]
[Result "0-1"]
[WhiteElo "1989"]
[BlackElo "2234"]
[PlyCount "74"]
[EventDate "2010.08.04"]
[EventType "swiss"]
[EventRounds "9"]
[EventCountry "RUS"]
[SourceTitle "EXT 2011"]
[Source "ChessBase"]
[SourceDate "2010.11.26"]
[SourceVersion "1"]
[SourceVersionDate "2010.11.26"]
[SourceQuality "1"]

1. e4 c6 2. d4 d5 3. e5 Bf5 4. Bd3 Bxd3 5. Qxd3 e6 6. f4 Qa5+ 7. Bd2 Qa6 8. Qxa6 Nxa6 9. a3 c5 10. c3 Ne7 11. Nf3 h5 12. b4 b6 13. 0-0 Nf5 14. b5 Nc7 15. a4 a6 16. bxa6 Rxa6 17. h3 h4 18. Be1 Be7 19. Bf2 c4 20. Nbd2 0-0 21. Kh2 Rfa8 22. Rfb1 b5 23. Ra2 Rxa4 24. Rxa4 Rxa4 25. g4 hxg3+ 26. Bxg3 Ra3 27. Rc1 b4 28. Nb1 Ra2+ 29. Nfd2 bxc3 30. Rxc3 Bb4 31. Be1 Bxc3 32. Nxc3 Rc2 33. Kg1 Rxc3 34. h4 Nxd4 35. Kf2 Nc2 36. Nb1 Rb3 37. Nd2 Nxe1 0-1

[Event "Vladivostok op"]
[Site "Vladivostok"]
[Date "2010.06.09"]
[Round "9"]
[White "Vilchenko, Maxim"]
[Black "Kravtsov, Sergey"]
[Result "1/2-1/2"]
[WhiteElo "2206"]
[BlackElo "2362"]
[PlyCount "53"]
[EventDate "2010.06.01"]
[EventType "swiss"]
[EventRounds "9"]
[EventCountry "RUS"]
[SourceTitle "CBM 137 Extra"]
[Source "ChessBase"]
[SourceDate "2010.09.01"]
[SourceVersion "1"]
[SourceVersionDate "2010.09.01"]
[SourceQuality "1"]

1. d4 d5 2. c4 c6 3. Nf3 Nf6 4. Nc3 dxc4 5. a4 Bg4 6. Ne5 Bh5 7. Nxc4 e6 8. f3 Bb4 9. Bg5 Nbd7 10. e4 h6 11. Bd2 Nb6 12. Qb3 a5 13. Be3 0-0 14. Be2 Nxc4 15. Qxc4 Nd7 16. 0-0 Qe7 17. Rac1 f6 18. Na2 Bd6 19. Qb3 Rfb8 20. Bc4 Bf7 21. Rfe1 Nf8 22. Qd3 Qc7 23. g3 Qd7 24. Nc3 Qe7 25. Bf2 Rd8 26. Qc2 Bc7 27. Qb3 1/2-1/2

[Event "Vladivostok op"]
[Site "Vladivostok"]
[Date "2010.06.02"]
[Round "2"]
[White "Chernikov, Daniil"]
[Black "Vilchenko, Maxim"]
[Result "0-1"]
[WhiteElo "2025"]
[BlackElo "2206"]
[PlyCount "72"]
[EventDate "2010.06.01"]
[EventType "swiss"]
[EventRounds "9"]
[EventCountry "RUS"]
[SourceTitle "CBM 137 Extra"]
[Source "ChessBase"]
[SourceDate "2010.09.01"]
[SourceVersion "1"]
[SourceVersionDate "2010.09.01"]
[SourceQuality "1"]

1. c4 e5 2. Nc3 Bb4 3. Nd5 Ba5 4. b4 c6 5. bxa5 cxd5 6. cxd5 Qxa5 7. e4 Nf6 8. f3 d6 9. Bb2 0-0 10. Bc3 Qd8 11. d4 Nxe4 12. fxe4 Qh4+ 13. Kd2 Qf4+ 14. Kc2 Qxe4+ 15. Qd3 Qf4 16. Kb2 e4 17. g3 Qf5 18. Qc4 b5 19. Qb3 Bb7 20. Bxb5 Bxd5 21. Bc4 Qf2+ 22. Ka3 Bxc4 23. Qxc4 Nd7 24. Rf1 Qc2 25. Ne2 Rac8 26. Qb5 Rxc3+ 27. Nxc3 Qxc3+ 28. Qb3 Qxd4 29. Rd1 Qe5 30. Rd5 Qe7 31. Qd1 Nb6 32. Rd4 d5+ 33. Kb2 Nc4+ 34. Ka1 Qe5 35. Re1 Na3 36. Qa4 Qxd4+ 0-1

[Event "Vladivostok Cup"]
[Site "Vladivostok"]
[Date "2010.03.25"]
[Round "7"]
[White "Biryukov, Mikhail"]
[Black "Vilchenko, Maxim"]
[Result "1-0"]
[WhiteElo "2129"]
[BlackElo "2204"]
[PlyCount "79"]
[EventDate "2010.03.19"]
[EventType "swiss"]
[EventRounds "9"]
[EventCountry "RUS"]
[SourceTitle "EXT 2022"]
[Source "ChessBase"]
[SourceDate "2021.10.06"]
[SourceVersion "1"]
[SourceVersionDate "2021.10.06"]
[SourceQuality "1"]

1. e4 e6 2. Nf3 d5 3. Nc3 Nf6 4. e5 Nfd7 5. d4 c5 6. dxc5 Nc6 7. Bf4 Bxc5 8. Bd3 f6 9. exf6 Qxf6 10. Bg3 0-0 11. 0-0 a6 12. Qe2 Nd4 13. Nxd4 Bxd4 14. Rae1 Nc5 15. Bd6 Nxd3 16. cxd3 Rf7 17. Be5 Bxe5 18. Qxe5 Bd7 19. Qxf6 gxf6 20. f4 d4 21. Ne4 Bb5 22. Rf3 Bc6 23. Rg3+ Kf8 24. Nc5 Bd5 25. Nxe6+ Bxe6 26. Rxe6 Rc8 27. h3 Rc1+ 28. Kh2 Rc2 29. Rb6 Rf2 30. Rf3 Rd2 31. f5 Rg7 32. Rxf6+ Ke7 33. Re6+ Kd7 34. Rg3 Rxg3 35. Kxg3 Rxd3+ 36. Kf2 Rd2+ 37. Re2 Rd1 38. f6 Rc1 39. f7 Rc8 40. Re8 1-0

[Event "Vladivostok City at Sea-B op"]
[Site "Vladivostok"]
[Date "2009.07.31"]
[Round "7"]
[White "Vilchenko, Maxim"]
[Black "Musaev, Rasul"]
[Result "0-1"]
[WhiteElo "2225"]
[BlackElo "2110"]
[PlyCount "119"]
[EventDate "2009.07.24"]
[EventType "swiss"]
[EventRounds "9"]
[EventCountry "RUS"]
[SourceTitle "EXT 2022"]
[Source "ChessBase"]
[SourceDate "2021.10.06"]
[SourceVersion "1"]
[SourceVersionDate "2021.10.06"]
[SourceQuality "1"]

1. c4 Nf6 2. Nc3 g6 3. g3 Bg7 4. Bg2 0-0 5. e4 d6 6. Nge2 e5 7. 0-0 Nc6 8. d3 Be6 9. h3 Nd7 10. Be3 Nc5 11. f4 f6 12. f5 Bf7 13. h4 g5 14. hxg5 fxg5 15. Nd5 Bf6 16. Qd2 h6 17. Kf2 Kg7 18. Rh1 Rh8 19. Bf3 a5 20. Bh5 Nb4 21. Nxb4 axb4 22. Bxf7 Kxf7 23. Nc1 Na6 24. Qe2 Qe8 25. Nb3 c5 26. Rh2 Kg7 27. Rah1 Nc7 28. Nc1 Qf7 29. b3 Be7 30. Ke1 Rh7 31. Rh5 Rah8 32. Qd2 b6 33. Ne2 Ne8 34. R5h3 Nf6 35. Qd1 b5 36. Qc1 bxc4 37. bxc4 Ra8 38. Qb1 Ng4 39. Bd2 Bd8 40. Ng1 Nf6 41. Nf3 Be7 42. Qc1 Rah8 43. Nh2 Qg8 44. Nf3 Kf8 45. a3 Ke8 46. R3h2 bxa3 47. Qxa3 Kf7 48. Qc1 Nd7 49. Bc3 Bf6 50. Ra2 Qb8 51. Qa1 Rc8 52. Ke2 Kg8 53. Rb1 Qc7 54. Ra7 Qd8 55. Ba5 Qe8 56. Rbb7 g4 57. Nd2 Qh5 58. Nf1 Nf8 59. Bc7 Rd7 60. Qa6 0-1

[Event "Vladivostok op"]
[Site "Vladivostok"]
[Date "2009.06.??"]
[Round "9"]
[White "Vilchenko, Maxim"]
[Black "Rastorotskiy, Mikhail"]
[Result "1-0"]
[WhiteElo "2225"]
[BlackElo "2017"]
[PlyCount "55"]
[EventDate "2009.06.??"]
[EventType "swiss"]
[EventRounds "9"]
[EventCountry "RUS"]
[SourceTitle "EXT 2012"]
[Source "ChessBase"]
[SourceDate "2011.11.24"]
[SourceVersion "1"]
[SourceVersionDate "2011.11.24"]
[SourceQuality "1"]

1. c4 c5 2. Nc3 Nc6 3. g3 g6 4. Bg2 Bg7 5. Nf3 e6 6. 0-0 Nge7 7. d3 d5 8. Bd2 0-0 9. Rb1 b6 10. a3 dxc4 11. dxc4 Na5 12. Bg5 f6 13. Nd2 Bb7 14. Bf4 Bxg2 15. Kxg2 e5 16. Be3 f5 17. Bg5 Bf6 18. Bxf6 Rxf6 19. e4 Rd6 20. Nd5 Nxd5 21. cxd5 fxe4 22. Nxe4 Rd7 23. d6 Rf7 24. Qd5 h6 25. f4 Kg7 26. fxe5 Rxf1 27. Rxf1 Qg8 28. e6 1-0

[Event "Vladivostok Cup op"]
[Site "Vladivostok"]
[Date "2009.03.26"]
[Round "6"]
[White "Vilchenko, Maxim"]
[Black "Golubkov, Anton"]
[Result "0-1"]
[WhiteElo "2225"]
[BlackElo "2302"]
[PlyCount "94"]
[EventDate "2009.03.21"]
[EventType "swiss"]
[EventRounds "7"]
[EventCountry "RUS"]
[SourceTitle "EXT 2012"]
[Source "ChessBase"]
[SourceDate "2011.11.24"]
[SourceVersion "1"]
[SourceVersionDate "2011.11.24"]
[SourceQuality "1"]

1. d4 d5 2. c4 e6 3. Nc3 Nf6 4. Bg5 c6 5. Nf3 Nbd7 6. e3 h6 7. Bh4 Bb4 8. Bd3 Qa5 9. Qc2 Ne4 10. 0-0 Nxc3 11. bxc3 Bxc3 12. Rab1 dxc4 13. Bxc4 Bb4 14. Qb3 Be7 15. Bxe7 Kxe7 16. a4 Rd8 17. e4 Kf8 18. d5 exd5 19. exd5 cxd5 20. Bxd5 Nb6 21. Bxf7 Qxa4 22. Ne5 Qxb3 23. Rxb3 Nd7 24. f4 Nxe5 25. fxe5 Ke7 26. Rc3 Be6 27. Bxe6 Kxe6 28. Rc7 Rd7 29. Rxd7 Kxd7 30. Rf7+ Ke6 31. Rxb7 a5 32. Rxg7 a4 33. Rc7 a3 34. Rc1 a2 35. Ra1 Kxe5 36. Kf2 Kd4 37. Kf3 Kc3 38. Kg4 Rg8+ 39. Kh5 Rxg2 40. h4 Rh2 41. Rxa2 Rxa2 42. Kxh6 Rg2 43. h5 Kd4 44. Kh7 Ke5 45. h6 Kf6 46. Kh8 Ra2 47. Kh7 Ra7+ 0-1

[Event "Vladivostok Cup op"]
[Site "Vladivostok"]
[Date "2009.03.24"]
[Round "4"]
[White "Habarov, Sergey"]
[Black "Vilchenko, Maxim"]
[Result "0-1"]
[WhiteElo "2174"]
[BlackElo "2225"]
[PlyCount "23"]
[EventDate "2009.03.21"]
[EventType "swiss"]
[EventRounds "7"]
[EventCountry "RUS"]
[SourceTitle "EXT 2012"]
[Source "ChessBase"]
[SourceDate "2011.11.24"]
[SourceVersion "1"]
[SourceVersionDate "2011.11.24"]
[SourceQuality "1"]

1. c4 c6 2. Nc3 d5 3. cxd5 cxd5 4. d4 Nc6 5. Nf3 Nf6 6. Bf4 Bf5 7. Qb3 Na5 8. Qb5+ Bd7 9. Qd3 e6 10. Ne5 Rc8 11. Nxd7 Qxd7 12. b3 0-1

[Event "Vladivostok Cup op"]
[Site "Vladivostok"]
[Date "2009.03.21"]
[Round "1"]
[White "Vilchenko, Maxim"]
[Black "Babich, Marina"]
[Result "1-0"]
[WhiteElo "2225"]
[BlackElo "2035"]
[PlyCount "43"]
[EventDate "2009.03.21"]
[EventType "swiss"]
[EventRounds "7"]
[EventCountry "RUS"]
[SourceTitle "EXT 2012"]
[Source "ChessBase"]
[SourceDate "2011.11.24"]
[SourceVersion "1"]
[SourceVersionDate "2011.11.24"]
[SourceQuality "1"]

1. e4 c5 2. Nf3 Nc6 3. d4 cxd4 4. Nxd4 Nf6 5. Nc3 d6 6. Bg5 e6 7. Qd2 Be7 8. 0-0-0 a6 9. f4 0-0 10. Nxc6 bxc6 11. e5 Nd5 12. Bxe7 Qxe7 13. Ne4 dxe5 14. fxe5 Rd8 15. c4 Qh4 16. Qg5 Qxg5+ 17. Nxg5 f6 18. Nf3 Bb7 19. cxd5 cxd5 20. Bd3 Rac8+ 21. Kb1 Rc5 22. Nd4 1-0